| 000 | 00753nam a2200193 i 4500 | ||
|---|---|---|---|
| 001 | 167979 | ||
| 003 | ES-MaACL | ||
| 005 | 20230906213639.0 | ||
| 008 | 040811s1868 gw |||| | eng d | ||
| 040 |
_aCAM _bspa _cCAM |
||
| 100 | 1 |
_aCraik, Dinah Maria Mulock ( _d1826-1887) _9126631 |
|
| 245 | 1 | 4 |
_aThe woman's kingdom _b: a love story / _cby the author od "John Halifax, gentleman", &c.; in two volumes. |
| 260 |
_aLeipzig : _bBernhard Tauchnitz, _c1868. |
||
| 300 |
_a2 v.(310; 296 p.) ; _c17 cm. |
||
| 490 | 1 |
_aCollection of British Authors ; _v983; 984 |
|
| 830 | 0 |
_aCollection of British Authors ; _v983; 984 _9180703 |
|
| 852 |
_aES-MaACL _jG-13113 _z-- Enc. hol., conservando la enc. editorial _z-- Enc. 2 t. en 1 v. |
||
| 999 |
_c167979 _d167979 |
||